000 00519nam a22001937a 4500
999 _c9686
_d9686
003 GBCCL
005 20241126110717.0
008 230426b ||||| |||| 00| 0 eng d
020 _a9788184652079
020 _a 8184652070
040 _cGBC
082 _a233.14
_bSHE
100 _aShepherd, Henry
_916837
245 _aMystery of sin
260 _aDelhi :
_bIndian Society for Promoting Christian Knowledge,
_c2012
300 _axii, 239 pages ;
_c22 cm
650 _aSin
_vChristianity
_916838
942 _2ddc
_cBK